Yorkshire Quiz - Statistics

General Stats
  • This quiz has been taken 265 times
  • The average score is 11 of 27
Answer Stats
Hint Answer % Correct
Venice of the North York
96%
Most Populous City Leeds
94%
A sunday roast is incomplete without at least one of these bad boys Yorkshire Pudding
86%
Somehow the City of Culture in 2017 Hull
74%
Cycle race that passes through every year, rendering all the roads useless Tour De Yorkshire
73%
York's main river Ouse
65%
Famous mid-2000's Sheffield-based rock band, hits including 'I bet that you look good on the dancefloor' and 'Do I wanna know?' Arctic Monkeys
64%
Former national treasure who turned out to be a nonce Jimmy Saville
63%
To me, to you The Chuckle Brothers
62%
The hive of scum and villainy that borders the motherland to the west Lancashire
53%
Birthplace of Jeremy Clarkson Doncaster
46%
Lord Of The Rings and Game of Thrones actor who likes the word 'Bastard' Sean Bean
46%
Cafe in York's city centre that always has a queue Betty's
41%
2012 Sheffield-born Women's Olympic Champion Heptathlete Dame Jessica Ennis-Hill
39%
Leeds-based band famous for the 80's hit: Tainted Love Soft Cell
38%
Nickname of Yorkshire God's Own County
36%
Diagon Alley The Shambles
32%
Where Heartbeat was filmed Goathland
23%
Ex Saturday Kitchen host and Chef from Malton James Martin
22%
A yorkshireman's best friend Whippet
18%
Situated in North Yorkshire, this 'place like no other' stately home was the setting for the book and TV show adaptation, Brideshead Revisited. Castle Howard
15%
River confluence with the above Foss
14%
Nectar of the gods Gravy
13%
York-based 90's Britpop band, their most popular hit being: Chasing Rainbows Shed Seven
10%
Hull based MC character who once kicked a pigeon MC Devvo
9%
If tha' does 'owt for nowt, do it for Thi'sen
9%
Yorkshire slang for an alleyway Snicket or Ginnel
1%
No matching quizzes found
Score Distribution
Percent of People with Each Score
Percentile by Number Answered
Your Score History
You have not taken this quiz